000 00406nam a2200181Ia 4500
005 20240823062634.0
008 240823s9999||||xx |||||||||||||| ||und||
041 _aENGLISH
082 _A665.7 N3
100 _aRadhakrishnan E
245 0 _aGas Tables
250 _a1st
260 _b"Universities Press,Hyd"
500 _aTransfered
650 _aGas
_bMechanical
942 _cBK
999 _c236355
_d236355